| 000 | 00483nam a2200169Ia 4500 | ||
|---|---|---|---|
| 008 | 090201s9999 xx 000 0 und d | ||
| 010 | _aKPL-27108 | ||
| 040 | _bइंग्रजी | ||
| 041 | _aइंग्रजी | ||
| 082 |
_a24375 _b27108 |
||
| 100 | _afrancois rabelais | ||
| 245 |
_arabelais gargantua & pantagruel _cfrancois rabelais |
||
| 260 |
_c2004 _bpenguin books |
||
| 300 |
_a712 _bमोठा |
||
| 600 | _arabelais gargantua & pantagruel | ||
| 942 | _cBOOK | ||
| 999 |
_c223706 _d223706 |
||